| 000 | 00375nam a2200145Ia 4500 | ||
|---|---|---|---|
| 008 | 230403s9999 xx 000 0 und d | ||
| 020 | _a978-93-5465-469-5 | ||
| 041 | _aeng | ||
| 082 | _aF/610.73/CLE/B10111 | ||
| 100 |
_aClement I _9119826 |
||
| 245 | _aNursing Foundation - II | ||
| 260 |
_bJaypee Brothers _aNew Delhi _c2022 |
||
| 300 | _a646P | ||
| 999 |
_c144295 _d144295 |
||